Las Filípacas
Guardat en:
| Autor principal: | |
|---|---|
| Format: | Llibre |
| Idioma: | espanyol |
| Publicat: |
Madrid
Cátedra
1998
|
| Col·lecció: | Letras Universales, 268
|
| Matèries: | |
| Etiquetes: |
Afegir etiqueta
Sense etiquetes, Sigues el primer a etiquetar aquest registre!
|
MARC
| LEADER | 00000nam a2200000 a 4500 | ||
|---|---|---|---|
| 001 | UCM4089 | ||
| 003 | CL-VaPUC | ||
| 008 | 020726e19980000SP |||||||||||||||||spa|d | ||
| 082 | 0 | 4 | |a 885 |b DEM |2 21 |
| 100 | 0 | |a Demóstenes |e author |9 265026 | |
| 245 | 1 | 4 | |a Las Filípacas |
| 246 | 1 | 0 | |a Sobre la corona |
| 300 | |a 313 p | ||
| 942 | |c BK | ||
| 945 | |d 20020726 00:00:00 |a cmena | ||
| 260 | |a Madrid |b Cátedra |c 1998 | ||
| 650 | 0 | |a Discursos griegos |9 318236 | |
| 650 | 0 | |a Oratoria griega |9 265027 | |
| 583 | |a last modification |c 20020726 00:00:00 |k Rodrigo Vera | ||
| 490 | 0 | |a Letras Universales, 268 | |
| 999 | |c 300995 |d 300993 | ||
| 952 | |0 0 |1 0 |4 0 |6 885_000000000000000_DEM_1998 |7 0 |8 A |9 359502 |a BIBHIS |b BIBHIS |d 2019-11-21 |i 3826120 |o 885 DEM 1998 |p 3826120 |r 2025-01-20 |w 2019-11-21 |y BK |k HIS | ||